| 000 | 00713nam a2200205 i 4500 | ||
|---|---|---|---|
| 001 | 33147 | ||
| 003 | ES-MaACL | ||
| 005 | 20250819002057.0 | ||
| 007 | t| | ||
| 008 | 030201s1956 sp ||||1| spa d | ||
| 130 | 0 |
_aBiblia. _lEspañol _9119282 |
|
| 245 | 1 | 0 |
_aSagrada Biblia / _ctraducida de la Vulgata latina teniendo a la vista los textos originales por José Miguel Petisco ; dispuesta y publicada por Félix Torres Amat. |
| 250 | _a6ª ed. | ||
| 260 |
_aMadrid : _bApostolado de la Prensa, _c1956 ( _fAldus) |
||
| 300 |
_aXV, 1518 p. ; _c19 cm. |
||
| 700 | 1 |
_aPetisco, José Miguel. _991495 |
|
| 700 | 1 |
_aTorres Amat, Félix. _9110925 |
|
| 852 |
_aES-MaACL _jC-11032 _bR.39218 |
||
| 999 |
_c33147 _d33147 |
||